Жизнеописания трубадуров: [Перевод]; Жизнеописания древних и наиславнейших провансальских пиитов, во времена графов провансских процветших; Дополнение первое; Параллельные провансальские, итальянские и испанские источники; Дополнение второе; Параллельные латинские источники; Дополнение третье; Литературные обработки сюжета "съеденного сердца"; Приложения; Средневековые провансальские жизнеописания и куртуазная культура трубадуров; Жан де Нострдам и его "Жизнеописания древних и наиславнейших провансальских пиитов"; Любовный учебник и любовный письмовник; Об одной ранней сатире на куртуазию: "Предписания Любви" Франческо да Барберино; Примечания; Жизнеописания трубадуров; Жан де Нострдам. Жизнеописания древних и наиславнейших провансальских пиитов, во времена графов Провансских процветших
| מחבר תאגידי: | |
|---|---|
| מחברים אחרים: | , |
| סיכום: | Рез.: фр. |
| שפה: | רוסית |
| יצא לאור: |
Москва, Наука, 1993
|
| Copublished: | Ж. Нострдам де. Жизнеописания древних и наиславнейших провансальских пиитов, во времена графов провансских процветших |
| TOC: | Дополнение первое; Параллельные провансальские, итальянские и испанские источники; Дополнение второе; Параллельные латинские источники; Дополнение третье; Литературные обработки сюжета "съеденного сердца"; Приложения; М. Б. Мейлах, Средневековые провансальские жизнеописания и куртуазная культура трубадуров; М. Б. Мейлах, Жан де Нострдам и его "Жизнеописания древних и наиславнейших провансальских пиитов"; М. Л. Гаспаров, Любовный учебник и любовный письмовник; М. Б. Мейлах, Об одной ранней сатире на куртуазию: "Предписания Любви" Франческо да Барберино; Примечания; М. Б. Мейлах, Жизнеописания трубадуров; М. Б. Мейлах, Л. П. Каменотрус-Занд, Жан де Нострдам. Жизнеописания древних и наиславнейших провансальских пиитов, во времена графов Провансских процветших; |
| סדרה: | Литературные памятники |
| נושאים: | |
| פורמט: | ספר |
| KOHA link: | https://koha.lib.tpu.ru/cgi-bin/koha/opac-detail.pl?biblionumber=160772 |
MARC
| LEADER | 00000nam0a2200000 4500 | ||
|---|---|---|---|
| 001 | 160772 | ||
| 005 | 20231031155656.0 | ||
| 010 | |a 5020115304 | ||
| 020 | |a RU |b 93-28171 | ||
| 035 | |a (RuTPU)RU\TPU\book\174363 | ||
| 090 | |a 160772 | ||
| 100 | |a 20090528d1993 km y0rusy5003 ca | ||
| 101 | 2 | |a rus |c fre | |
| 102 | |a RU | ||
| 105 | |a a z 001ay | ||
| 200 | 1 | |a Жизнеописания трубадуров |e [Перевод] |f Российская академия наук (РАН) ;отв. ред. Е. М. Мелетинский ; издание подготовил М. Б. Мейлах | |
| 210 | |a Москва |c Наука |d 1993 | ||
| 215 | |a 734,[2] с., [4] л. ил. |c ил. |d 22 см | ||
| 225 | 1 | |a Литературные памятники |e ЛП | |
| 300 | |a Рез.: фр. | ||
| 320 | |a Библиогр. в примеч.: с. 583-704 | ||
| 320 | |a Указ. имен трубадуров, имен, геогр. назв.: с. 710-728 | ||
| 423 | |t Жизнеописания древних и наиславнейших провансальских пиитов, во времена графов провансских процветших |f Ж. Нострдам де |a Нострдам де, Жан | ||
| 464 | |t Дополнение первое | ||
| 464 | |t Параллельные провансальские, итальянские и испанские источники | ||
| 464 | |t Дополнение второе | ||
| 464 | |t Параллельные латинские источники | ||
| 464 | |t Дополнение третье | ||
| 464 | |t Литературные обработки сюжета "съеденного сердца" | ||
| 464 | |t Приложения | ||
| 464 | |t Средневековые провансальские жизнеописания и куртуазная культура трубадуров |f М. Б. Мейлах | ||
| 464 | |t Жан де Нострдам и его "Жизнеописания древних и наиславнейших провансальских пиитов" |f М. Б. Мейлах | ||
| 464 | |t Любовный учебник и любовный письмовник |f М. Л. Гаспаров | ||
| 464 | |t Об одной ранней сатире на куртуазию: "Предписания Любви" Франческо да Барберино |f М. Б. Мейлах | ||
| 464 | |t Примечания | ||
| 464 | |t Жизнеописания трубадуров |f М. Б. Мейлах | ||
| 464 | |t Жан де Нострдам. Жизнеописания древних и наиславнейших провансальских пиитов, во времена графов Провансских процветших |f М. Б. Мейлах, Л. П. Каменотрус-Занд |a Мейлах, М. Б. | ||
| 610 | 1 | |a Трубадуры-История - Источники и источниковедение | |
| 610 | 1 | |a Провансальская поэзия, 11-13 вв. - Памятники | |
| 610 | 1 | |a трубадуры | |
| 610 | 1 | |a история | |
| 610 | 1 | |a французская литература | |
| 675 | |a 84 |z rus |v 3 | ||
| 702 | 1 | |a Мелетинский |b Е. М. |4 340 | |
| 702 | 1 | |a Мейлах |b М. Б. |4 570 | |
| 712 | 0 | 2 | |a Российская академия наук (РАН) |2 stltpush |3 (RuTPU)RU\TPU\col\51 |
| 801 | 0 | |a RU |b RuMRKP |c 19950413 |g psbo | |
| 801 | 1 | |a RU |b 63413507 |c 20090528 |g PSBO | |
| 801 | 2 | |a RU |b 63413507 |c 20090601 |g PSBO | |
| 942 | |c BK | ||